000 00764nam a2200217Ia 4500
001 15668
003 GE_BSU
008 181216s||||||||xx |||||||||||||| ||und||
040 _cGE_BSU
080 _a82-93
100 _aძნელაძე, ვახტანგ
245 _aერთი პატარა მანანა
245 _bლექსები და პოემები უმცრ. სასკოლო ასაკის ბავშვთათვის
260 _aთბილისი
260 _bნაკადული
260 _c1969
300 _a91გვ. ; 20სმ
653 _aერთი პატარა მანანა
653 _aლექსები და პოემები
942 _cBK
999 _c48767
_d48767